000 00383nam a2200133Ia 4500
008 220216s9999 xx 000 0 und d
100 _aGeorge K.T.
245 0 _aDynamics of world natural rubber economy : Its relevance to India
260 _bEconomic and Political weekly
_c1996
300 _a1355-1358
650 _aWorld rubber industry
700 _aSethuraj M.R.
942 _cBS
999 _c48354
_d48354